| 000 | 00880nam a2200277 a 4500 | ||
|---|---|---|---|
| 001 | C01251195c-7 | ||
| 003 | CO-ViMGA | ||
| 005 | 20230915233126.0 | ||
| 008 | 100423s2010 ck gr 00110dspa d | ||
| 020 | _a9789586486521 | ||
| 040 |
_aCO-ViMGA _bspa _cCO-ViMGA |
||
| 043 | _as-ck---- | ||
| 082 | 0 | 4 |
_a658.4 _bB37g2 _221 |
| 100 | 1 |
_aBerghe Romero, Edgar van der. _92721 |
|
| 245 | 1 | 0 |
_aGestión y gerencia empresariales : _baplicadas al siglo xxi / _cEdgar van der Berghe. |
| 250 | _a2a. ed. | ||
| 260 | 3 |
_aBogotá : _bEcoe Ediciones, _c2010. |
|
| 300 |
_a337 p. ; _c24 cm. |
||
| 490 | 0 | _aColección ciencias administrativas. Administración | |
| 504 | _aIncluye bibliografía e índice. | ||
| 650 | 1 | 4 |
_aAdministración de empresas. _9430 |
| 650 | 1 | 4 |
_aMacroeconomía. _91409 |
| 650 | 1 | 4 |
_aGerencia. _92723 |
| 650 | 1 | 4 |
_aNuevas empresas. _92722 |
| 942 |
_2ddc _cBK |
||
| 999 |
_c35343 _d35343 |
||